|
|
|
|
| LEADER |
00000nab a2200000 a 4500 |
| 001 |
vtls000917775 |
| 003 |
SK-MaSNL |
| 005 |
20260319073818.0 |
| 008 |
190318e19920000xo 0 slo |
| 035 |
|
|
|a KE26653
|
| 040 |
|
|
|a KEVKJB
|b slo
|c KEVKJB
|e AACR2
|
| 041 |
1 |
|
|h hun
|
| 044 |
|
|
|a xo
|c SK
|
| 080 |
|
|
|a 800
|2 1981
|
| 080 |
|
|
|a 061.7(437.671=945.11)
|2 1981
|
| 080 |
|
|
|a 809.451.1
|2 1981
|
| 100 |
0 |
|
|a B.A.
|4 aut
|9 975550
|
| 245 |
1 |
0 |
|a A XXIII. Kazinczy napok
|b A husig nyelve unnepen
|
| 611 |
1 |
7 |
|a Kazinczyho dni jazykovej kultúry, Košice
|2 KEVKJB
|9 882658
|
| 651 |
|
7 |
|a KE,
|2 KEVKJB
|9 877256
|
| 655 |
|
7 |
|a periodikum
|2 snkbucl
|9 29553
|
| 773 |
0 |
8 |
|t Tucsok
|d Košice : Nadácia Hemerkovcov, 1992
|g Roč. 2
|g Roč. 28, č.67, s. 2
|
| 852 |
|
|
|a ZVYKNI
|b KIS3GCP
|
| 999 |
|
|
|c 1672413
|d 1674343
|